000
00351nam a2200157Ia 4500
005
20250423101606.0
008
250422s9999 xx 000 0 und d
020
_a
1556858X
050
_a
RG 527.5 .U48/
245
0
_a
Ultrasound clinics
260
_a
Philadelphia
260
_b
W.B. Saunders
260
_c
2005
300
_a
424 p
942
_c
BK
999
_c
36704
_d
36704